Представление документа в формате RUSMARC

ПолеНазваниеЗначение
  Тип записи c
  Библиографический уровень m
001 Контрольный номер UONB/MAIN/7d3b5f207f914dd3aeab6b1a6b4a002f
005 Дата корректировки 20241119130058.7
010 Индекс ISBN __
9 Тираж 6530 экз.
013 Номер (ISMN) __
d Цена 52 к.
071 Издательские номер (звукозапись и ноты) 21
a Номер, присвоенный агентством 505
100 Данные общей обработки __
a Данные общей обработки 20241112b1974 u y0rusy0189 ca
101 Язык документа 0_
a Язык текста rus
c Язык оригинала rus
102 Страна публикации __
a Страна публикации RU
125 Кодированные данные звукозаписи и нотных изданий __
a Форма изложения нотного текста с
128 Кодированные данные (звукозаписи-физические характеристики) __
a Кодированные данные: Музыкальная форма и тональность или лад zz
c Инструменты или голоса, рекомендуемые для солистов (устаревшее) kt
c Инструменты или голоса, рекомендуемые для солистов (устаревшее) vu
200 Заглавие и сведения об ответственности 1_
a Заглавие Вып. 5
e Сведения, относящиеся к заглавию для баяна и голоса с баяном
f Первые сведения об ответственности составитель В. А. Ивановский
203 Вид содержания и тип средства __
a Вид содержания Музыка
b Характеристика содержания знаковая
c Тип средства непосредственная
210 Выходные данные 1_
d Дата издания 1975
215 Физическое описание __
a Объем 39 с.
327 Примечание о содержании 11
a Примечание о содержании Содерж.: Зарицкий Ю. Вятские игрушки / переложение для 2 баянов В. Ивановского. Агафонников Н. Скоморохи ; Посею лебеду на берегу : рус. нар. песня / обраб. Н. Агафонникова. Дугушин А. Юмореска. Архимандритов Б. Фотография : из кинофильма "Мой отец". Кравченко Б. Девичья кадриль. Кладницкий В. Все исчезло, скрылось / сл. М. Исаковского. Ивановский В. Русская песня / сл. С. Беликова. Цветков И. Песня Любы из кинофильма "Табачный капитан" / сл. Я. Голякова. Киянов Б. Снегирия / сл. С. Вольского и С. Далматова.
461 Уровень набора _0
1 2001
a Русский сувенир
f сборник пьес
v Вып. 5
1 2101
a Ленинград
a Москва
c 1971 -
1 001UONB/MAIN/41998ebc9ff243ffa7236120b38fda0c
1 215
d 29 см
464 Аналитический уровень _0
1 700 1
a Зарицкий
b Ю.
1 702 1
a Ивановский
b В.
4 030
1 2001
a Вятские игрушки
e переложение для 2 баянов
464 Аналитический уровень _0
1 700 1
a Агафонников
b Н.
1 2001
a Скоморохи
464 Аналитический уровень _0
1 702 1
a Агафонников
b Н.
4 030
1 2001
a Посею лебеду на берегу
e русская народная песня
464 Аналитический уровень _0
1 700 1
a Дугушин
b А.
1 2001
a Юмореска
464 Аналитический уровень _0
1 700 1
a Архимандритов
b Б.
1 2001
a Фотография
e из кинофильма "Мой отец"
1 50010
a Мой отец
464 Аналитический уровень _0
1 700 1
a Кравченко
b Б.
1 2001
a Девичья кадриль
464 Аналитический уровень _0
1 700 1
a Кладницкий
b В.
1 702 1
a Исаковский
b М.
4 520
1 2001
a Все исчезло, скрылось
464 Аналитический уровень _0
1 036
t Немало нами, друг...
1 700 1
a Ивановский
b В.
1 702 1
a Беликов
b С.
4 520
1 2001
a Русская песня
464 Аналитический уровень _0
1 036
t Заалела в небе...
1 700 1
a Цветков
b И.
1 702 1
a Голяков
b Я.
4 520
1 2001
a Песня Любы из кинофильма "Табачный капитан"
1 50010
a Табачный капитан
464 Аналитический уровень _0
1 036
t Зимний лес, волшебный лес...
1 700 1
a Киянов
b Б.
1 702 1
a Вольский
b С.
4 520
1 702 1
a Далматов
b С.
4 520
1 2001
a Снегирия
606 Тематические рубрики 0_
a Основная рубрика Баян
x Основная подрубрика Пьесы советских композиторов
606 Тематические рубрики 0_
a Основная рубрика Сольное пение
x Основная подрубрика Песни советских композиторов
610 Ключевые слова 0_
a Ключевые слова баян; сольное пение; пьесы советских композиторов; песни советских композиторов
686 Индексы других классификаций __
2 Код системы rubbk
a Классификационный индекс 85.954.6я43
686 Индексы других классификаций __
a Классификационный индекс 85.943.4-46я43
702 Вторичная интеллектуальная ответственность _1
a Фамилия Ивановский
b Имя (инициалы) В. А.
g Полное личное имя Владислав Александрович
801 Источник записи _0
a Страна RU
b Организация Ульяновская ОНБ
c Дата составления 20241112
g Правила каталогизации RCR
801 Источник записи _1
a Страна RU
b Организация Ульяновская ОНБ
c Дата составления 20241112
g Правила каталогизации RCR
901 Тип документа __
t Тип документа n
w Контрольный № источника UONB/MAIN/41998ebc9ff243ffa7236120b38fda0c
909 Создатель записи __
a Создатель записи Никитина Т. А.
b Дата создания записи 20241112